LEADER 01891nam a2200301 i 4500 001 000000008102 003 CaOOAMICUS 005 20251031143746.0 008 180830s1819 fr u000 u fre u 040 $aSeMil$bita 100 1 $aClément, François,$d<1713-1793>.$0(OLS)http://semarc/name/89641 245 12$aL'art de vérifier les dates des faits historiques, des inscriptions, des chroniques, et autres anciens monuments, avant l'ère chrétienne ... Par un religieux de la Congrégation de Saint-Maur ... Tome 1. [-5.]. 250 $aImprime pour la premiere fois sur les manuscrits des Benedictins, mis en ordre par M. de Saint-Allais ... 260 $aA Paris :$bChez Moreau, imprimeur de S.A.R. Madame, successeur de M. Valade, rue Coquillière, n. 27,$c1819$e(A Paris :$fChez Arthus-Bertrand, libraire, rue Hautefeuille,$g1819) 300 $a5 v. ;$c8°. 650 4$aCronologia - Manuali.$0(OLS)http://semarc/subject/17925 650 4$aChiesa - Storia - Cronologia.$0(OLS)http://semarc/subject/2286 700 1 $aViton de Saint-Allais, Nicolas.$0(OLS)http://semarc/name/89640 700 1 $aArthus-Bertrand, Claude,$c.$0(OLS)http://semarc/name/110949 700 1 $aMoreau$b<2.,$cEditore>.$0(OLS)http://semarc/name/123059 774 0 $tTome 1.$g1$w()80203 774 0 $tTome 2.$g2$w()255574 774 0 $tTome 3.$g3$w()255575 774 0 $tTome 4.$g4$w()255576 774 0 $tTome 5.$g5$w()255573 996 $6245$aL'art de vérifier les dates des faits historiques, des inscriptions, des chroniques, et autres anciens monuments, avant l'ère chrétienne ... Par un religieux de la Congrégation de Saint-Maur ... Tome 1. [-5.]$9(OLS)http://semarc/title/401085 996 $6260$aA Paris :$bChez Moreau, imprimeur de S.A.R. Madame, successeur de M. Valade, rue Coquillière, n. 27$9(OLS)http://semarc/publisher/55849 LEADER 01085nam a2200277 i 4500 001 000000048307 003 CaOOAMICUS 005 20110322000000.0 008 110322s1963 it u000 u ita u 013 $a19477 040 $aSeMil$bita 245 10$aPlatone e la matematica nel mondo antico /$ca cura di Attilio Frajese. 260 $aRoma :$bStudium,$ccopyr. 1963. 300 $a218 p. ;$c19 cm. 490 0 $aUniversale Studium ;$v4 500 $aIn preliminari : Fondo Ciprandi. 600 04$aPlatone .$0(OLS)http://semarc/subject/988 650 4$aMatematica.$0(OLS)http://semarc/subject/1227 700 1 $aFrajese, Attilio.$0(OLS)http://semarc/name/23936 830 0$aUniversale Studium ;$v4.$0(OLS)http://semarc/title/6856 850 $aSeMil 852 $aSeMil$W1$xVenegono$y1$m3X III 178$j14462$B14462$CSeMilBibl$Z2$F14462 $81 941 1 $a1 961 $aOmaggio: Ciprandi dott. Paolo 996 $6245$aPlatone e la matematica nel mondo antico$9(OLS)http://semarc/title/73073 996 $6260$aRoma :$bStudium$9(OLS)http://semarc/publisher/29617